Evolutions of stars: the photospheric abundance connection (Record no. 17883)
[ view plain ]
| 000 -LEADER | |
|---|---|
| fixed length control field | 00680nam a2200205Ia 4500 |
| 003 - CONTROL NUMBER IDENTIFIER | |
| control field | IN-BaIIA |
| 008 - FIXED-LENGTH DATA ELEMENTS--GENERAL INFORMATION | |
| fixed length control field | 211028s9999 xx 000 0 eng d |
| 020 ## - INTERNATIONAL STANDARD BOOK NUMBER | |
| International Standard Book Number | 0-7923-1128-0 |
| 040 ## - CATALOGING SOURCE | |
| Transcribing agency | IIA Library |
| 080 ## - UNIVERSAL DECIMAL CLASSIFICATION NUMBER | |
| Universal Decimal Classification number | 082.2:52 |
| Item number | IAU-S145 |
| 245 #0 - TITLE STATEMENT | |
| Title | Evolutions of stars: the photospheric abundance connection |
| Statement of responsibility, etc. | edited by J. Richer, G. Michaud, and S. Turcotte |
| 260 ## - PUBLICATION, DISTRIBUTION, ETC. | |
| Place of publication, distribution, etc. | Dordrecht |
| Name of publisher, distributor, etc. | Kluwer Academic |
| Date of publication, distribution, etc. | 1991 |
| 300 ## - PHYSICAL DESCRIPTION | |
| Extent | 147p. |
| 650 ## - SUBJECT ADDED ENTRY--TOPICAL TERM | |
| Topical term or geographic name entry element | Evolution of stars-Congresses |
| 9 (RLIN) | 34001 |
| 650 ## - SUBJECT ADDED ENTRY--TOPICAL TERM | |
| Topical term or geographic name entry element | Photosheric abundance connection-Congresses |
| 9 (RLIN) | 34002 |
| 700 ## - ADDED ENTRY--PERSONAL NAME | |
| Personal name | Bergevin, M., ed. |
| 9 (RLIN) | 34003 |
| 700 ## - ADDED ENTRY--PERSONAL NAME | |
| Personal name | Michaud, G., ed. |
| 9 (RLIN) | 17242 |
| 700 ## - ADDED ENTRY--PERSONAL NAME | |
| Personal name | Tutukov, A., ed. |
| 9 (RLIN) | 17243 |
| 942 ## - ADDED ENTRY ELEMENTS (KOHA) | |
| Koha item type | Books |
| Withdrawn status | Lost status | Damaged status | Not for loan | Home library | Current library | Shelving location | Date acquired | Source of acquisition | Cost, normal purchase price | Total Checkouts | Full call number | Barcode | Date last seen | Cost, replacement price | Price effective from | Koha item type | Purchase Price |
|---|---|---|---|---|---|---|---|---|---|---|---|---|---|---|---|---|---|
| IIA Library-Bangalore | IIA Library-Bangalore | General Stacks | 11/12/2010 | ANJ | 50.00 | 082.2:52/ IAU-S145 | 18805 | 05/11/2021 | 50.00 | 11/12/2010 | Books | Rs. 50.00 |